365 meditations by J. B. Phillips for this day / (Record no. 2397)
[ view plain ]
| 000 -LEADER | |
|---|---|
| fixed length control field | 01091cam a2200313 i 4500 |
| 001 - CONTROL NUMBER | |
| control field | 509000 |
| 003 - CONTROL NUMBER IDENTIFIER | |
| control field | GBCCL |
| 005 - DATE AND TIME OF LATEST TRANSACTION | |
| control field | 20241126110428.0 |
| 008 - FIXED-LENGTH DATA ELEMENTS--GENERAL INFORMATION | |
| fixed length control field | 830217r1975 txu b 00010 eng |
| 010 ## - | |
| -- | 76150227//r82 |
| 020 ## - INTERNATIONAL STANDARD BOOK NUMBER | |
| International Standard Book Number | 0340192321 : |
| Terms of availability | $5.95 |
| 035 ## - SYSTEM CONTROL NUMBER | |
| System control number | (OCoLC)ocn686931909 |
| 035 ## - SYSTEM CONTROL NUMBER | |
| System control number | (CStRLIN)CTYT83-B747 |
| 035 ## - SYSTEM CONTROL NUMBER | |
| System control number | 509000 |
| 040 ## - CATALOGING SOURCE | |
| Transcribing agency | GBC |
| 050 0# - | |
| -- | BV4811 |
| -- | .P46 1976 |
| 082 ## - DEWEY DECIMAL CLASSIFICATION NUMBER | |
| Classification number | 242.2 |
| Item number | PHI |
| 090 ## - LOCALLY ASSIGNED LC-TYPE CALL NUMBER (OCLC); LOCAL CALL NUMBER (RLIN) | |
| Local cutter number (OCLC) ; Book number/undivided call number, CALL (RLIN) | 002797 |
| 100 1# - MAIN ENTRY--PERSONAL NAME | |
| Personal name | Phillips, J. B. |
| Fuller form of name | (John Bertram), |
| Dates associated with a name | 1906-1982. |
| 9 (RLIN) | 4962 |
| 240 10 - | |
| -- | Through the year with J.B. Phillips |
| 245 10 - TITLE STATEMENT | |
| Title | 365 meditations by J. B. Phillips for this day / |
| Statement of responsibility, etc. | edited by Denis Duncan. |
| 260 0# - PUBLICATION, DISTRIBUTION, ETC. | |
| Place of publication, distribution, etc. | Waco, Tex. : |
| Name of publisher, distributor, etc. | Word Books, |
| Date of publication, distribution, etc. | [1975] c1974, 1976 printing. |
| 300 ## - PHYSICAL DESCRIPTION | |
| Extent | 255 p., [1] ; |
| Dimensions | 23 cm. |
| 500 ## - GENERAL NOTE | |
| General note | First published in London under title: Through the year with J. B. Phillips. |
| 504 ## - BIBLIOGRAPHY, ETC. NOTE | |
| Bibliography, etc. note | Bibliography: p. [256] |
| 650 #0 - SUBJECT ADDED ENTRY--TOPICAL TERM | |
| Topical term or geographic name entry element | Devotional calendars |
| General subdivision | Church of England. |
| 9 (RLIN) | 4963 |
| 700 11 - ADDED ENTRY--PERSONAL NAME | |
| Personal name | Phillips, J. B. |
| Fuller form of name | (John Bertram), |
| Dates associated with a name | 1906-1982. |
| Title of a work | Through the year with J. B. Phillips. |
| Institution to which field applies | 796 |
| 9 (RLIN) | 4964 |
| 942 ## - ADDED ENTRY ELEMENTS (KOHA) | |
| Source of classification or shelving scheme | Dewey Decimal Classification |
| Koha item type | Books |
| Withdrawn status | Lost status | Source of classification or shelving scheme | Damaged status | Not for loan | Home library | Current Library | Shelving location | Date acquired | Total checkouts | Full call number | Barcode | Date last seen | Copy number | Price effective from | Koha item type |
|---|---|---|---|---|---|---|---|---|---|---|---|---|---|---|---|
| Dewey Decimal Classification | GRACE BIBLE COLLEGE | GRACE BIBLE COLLEGE | Ministry & Mission | 2017-08-10 | 242.2 PHI | 009011 | 2025-05-01 | c.1 | 2017-08-10 | Books |